000 01286nam a2200253Ia 4500
999 _c50311
_d50311
001 17252
003 GE_BSU
005 20200207143033.0
008 181216s2012ge xx |||||||||||||| ||geo||
020 _a 9789941105128
040 _cGE_BSU
041 _ageo
080 _a821.112.02(რომანტიზმი) ბ-91
100 _aბრეგაძე, კონსტანტინე
_96888
245 _aგერმანული რომანტიზმი = Deutsche Romantik :
_bჰერმენევტიკული ცდანი /
_cკონსტანტინე ბრეგაძე ; რედ. მანანა პაიჭაძე.
264 _aთბილისი :
_bმერიდიანი,
_c2012.
300 _a276 გვ.:
_bილ.:
_c20 სმ.
504 _a ბიბლიოგრ. სტატიების ბოლოს
546 _aპარალ. თავფურ. და რეზ. გერმენაზე
653 _aგერმანული ლიტერატურა
653 _aრომანტიზმი გერმანულ ლიტერატურაში
700 _aპაიჭაძე, მანანა
_eრედაქტორი
_96889
942 _cBK
_2udc